000
00249nam a2200109 a 4500
008
101025s1983|||| d
100
1
_a
Manegat, Julio
245
1
0
_a
Kruh tieňa
260
_b
Smena
_a
Bratislava
_c
1983
020
_c
20
044
_a
xo
_c
SK
999
_c
12207
_d
12207